Television simplified (Record no. 19176)

000 -LEADER
fixed length control field 00556nam a2200205 4500
001 - CONTROL NUMBER
control field 19176
003 - CONTROL NUMBER IDENTIFIER
control field BD-DhUET
008 - FIXED-LENGTH DATA ELEMENTS--GENERAL INFORMATION
fixed length control field 721024s1973 nyua 001 0 eng
020 ## - INTERNATIONAL STANDARD BOOK NUMBER
International Standard Book Number 0442244460
040 ## - CATALOGING SOURCE
Original cataloging agency DLC
Transcribing agency DLC
Modifying agency BD-DhUET
082 00 - DEWEY DECIMAL CLASSIFICATION NUMBER
Classification number 623.88
Item number KIV/1973
100 ## - MAIN ENTRY--PERSONAL NAME
Personal name Kiver, Milton S.
245 10 - TITLE STATEMENT
Title Television simplified
Statement of responsibility, etc. by Milton S. Kiver and Milton Kaufman
250 ## - EDITION STATEMENT
Edition statement 7th ed.
260 ## - PUBLICATION, DISTRIBUTION, ETC. (IMPRINT)
Place of publication, distribution, etc. New York
Name of publisher, distributor, etc. Van Nostrand Reinhold
Date of publication, distribution, etc. 1973
300 ## - PHYSICAL DESCRIPTION
Extent xiv, 616 p.
Other physical details ill.
Dimensions 25 cm.
650 #0 - SUBJECT ADDED ENTRY--TOPICAL TERM
Topical term or geographic name as entry element Television
700 ## - ADDED ENTRY--PERSONAL NAME
Personal name Kaufman, Milton
942 ## - ADDED ENTRY ELEMENTS (KOHA)
Koha item type General Book
Holdings
Location (home branch) Damaged status Source of classification or shelving scheme Koha normalized classification for sorting Copy number Price effective from Sublocation or collection (holding branch) Koha date last seen Koha full call number Shelving location Not for loan Koha item type Piece designation (barcode) Withdrawn status Date acquired Lost status
Central Library, BUET  623_880000000000000_KIV_197312015-04-02Central Library, BUET2015-04-02623.88/KIV/1973Circulation section General Book48984 2015-04-02 
Central Library, BUET  623_880000000000000_KIV_197322015-04-04Central Library, BUET2015-04-04623.88/KIV/1973Circulation section General Book49667 2015-04-04